000 00530nam a2200169Ia 4500
003 GCL
008 140319s9999 xx 000 0 ara d
040 _aGCL /
_cGCL
082 0 4 _a910.133
_bع ج
100 1 _aعاطف علبى
245 1 0 _aالجغرافيا الاقتصادية /
_cعاطف علبى
260 _a[S.N] :
_bالمؤسسة الجامعية للدراسات والنشر والتوزيع ،
_c1983
300 _a423 ص
490 _a
650 0 4 _aالجغرافيا الاقتصادية
942 _2ddc
_cBK
999 _c48825
_d48825